Динамика нестационарных линейных систем

ग्रंथसूची विवरण
निगमित लेखकों: Академия наук СССР (АН СССР) Институт автоматики и телемеханики (технической кибернетики) (ИАТ), Московский авиационный институт
अन्य लेखक: Михайлов Ф. А. Федор Андреевич, Теряев Е. Д. Евгений Дмитриевич, Булеков В. П. Владимир Павлович, Данков Г. Ю. Герман Юрьевич, Сомиков Л. М. Леонид Михайлович, Степаньянц Г. А. Георгий Аркадьевич
भाषा:रूसी
प्रकाशित: Москва, Наука, 1967
विषय:
स्वरूप: पुस्तक
KOHA link:https://koha.lib.tpu.ru/cgi-bin/koha/opac-detail.pl?biblionumber=95255

MARC

LEADER 00000nam0a2200000 4500
001 95255
005 20231031110051.0
035 |a (RuTPU)RU\TPU\book\102010 
090 |a 95255 
100 |a 20060421d1967 k y0rusy50 ca 
101 0 |a rus 
102 |a RU 
105 |a a z 001zy 
200 1 |a Динамика нестационарных линейных систем  |f Ф. А. Михайлов [и др.]  |g Академия наук СССР (АН СССР); Институт автоматики и телемеханики (технической кибернетике); Московский авиационный институт 
210 |a Москва  |c Наука  |d 1967 
215 |a 368 с.  |c ил. 
320 |a Библиогр.: с. 360-362. 
320 |a Предметный указатель: с. 363-364. 
610 1 |a нестационарные линейные системы 
610 1 |a уравнения динамики 
610 1 |a преобразование 
610 1 |a свободные колебания 
610 1 |a импульсные переходные функции 
610 1 |a параметрические передаточные функции 
610 1 |a процессы 
610 1 |a детерминированные воздействия 
610 1 |a случайные воздействия 
610 1 |a частотные характеристики 
610 1 |a интегральные характеристики 
610 1 |a устойчивость 
675 |a 621.013  |v 3 
701 1 |a Михайлов  |b Ф. А.  |g Федор Андреевич 
701 1 |a Теряев  |b Е. Д.  |g Евгений Дмитриевич 
701 1 |a Булеков  |b В. П.  |g Владимир Павлович 
701 1 |a Данков  |b Г. Ю.  |g Герман Юрьевич 
701 1 |a Сомиков  |b Л. М.  |g Леонид Михайлович 
701 1 |a Степаньянц  |b Г. А.  |g Георгий Аркадьевич 
712 0 2 |a Академия наук СССР (АН СССР)  |b Институт автоматики и телемеханики (технической кибернетики) (ИАТ)  |c (Москва)  |c (1939-1969)  |2 stltpush  |3 (RuTPU)RU\TPU\col\5481 
712 0 2 |a Московский авиационный институт  |2 stltpush  |3 (RuTPU)RU\TPU\col\3642 
801 1 |a RU  |b 63413507  |c 20060421  |g PSBO 
801 2 |a RU  |b 63413507  |c 20091029  |g PSBO 
942 |c BK